000 00769nam a2200241Ia 4500
008 160319s9999 xx 000 0 und d
020 _a9712715817 (bp)
050 _a899.21
050 _b L957p 2005
100 _aLumbera Bienvenido
245 _aPhilippine literature : a history and anthology /
245 _c[edited by] Bienvenido Lumbera and Cynthia Nograles Lumbera.
250 _aEnglish edition.
260 _aManila :
260 _bAnvil Pub. Inc.
260 _c2005
300 _a456 pages :
650 _aPhilippine literature -- History and criticism
650 _aPhilippine literature -- Translations into English
650 _aPhilippine literature (English)
700 _aLumbera, Bienvenido.
700 _aLumbera, Cynthia Nograles.
999 _c292208
_d292208